[Event "EICC 2021"]
[Site "Reykjavik"]
[Date "2021.09.02"]
[Round "8.38"]
[White "Ferreira, Jorge Viterbo"]
[Black "Kanyamarala, Tarun"]
[Result "1/2-1/2"]
[WhiteElo "2520"]
[BlackElo "2369"]
[Annotator "ChessBase"]
[PlyCount "83"]
[EventDate "2021.08.26"]
[EventType "swiss"]
[EventCountry "ISL"]
[Tiebreak "Cut1 Buchholz"]
[SourceTitle "playchess.com"]
[Source "ChessBase"]
[SourceQuality "1"]
[TimeControl "40/5400+30:1800+30"]

1. e4 {[%emt 0:00:03]} c5 {[%emt 0:00:08]} 2. Nf3 {[%emt 0:00:08]} Nc6 {
[%emt 0:00:10]} 3. Bb5 {[%emt 0:00:11]} g6 {[%emt 0:00:11]} 4. O-O {[%emt 0:00:
26]} Bg7 {[%emt 0:00:23]} 5. c3 {[%emt 0:00:13]} e5 {[%emt 0:00:28]} 6. d4 {
[%emt 0:00:14]} cxd4 {[%emt 0:00:40]} 7. cxd4 {[%emt 0:00:12]} exd4 {[%emt 0:
00:13]} 8. Bf4 {[%emt 0:00:13]} a6 {[%emt 0:01:40]} 9. Ba4 {[%emt 0:00:26]}
Nge7 {[%emt 0:00:51]} 10. Bd6 {[%emt 0:00:25]} b5 {[%emt 0:01:32]} 11. Bb3 {
[%emt 0:00:27]} Bb7 {[%emt 0:01:09]} 12. Ng5 {[%emt 0:01:04]} O-O {[%emt 0:03:
00]} 13. Qf3 {[%emt 0:00:17]} Qe8 {[%emt 0:06:18]} 14. Qg3 {[%emt 0:00:22]} Na5
{[%emt 0:09:33]} 15. Nxh7 {[%emt 0:10:33]} Kxh7 {[%emt 0:18:30]} 16. Qh4+ {
[%emt 0:00:36]} Kg8 {[%emt 0:02:16]} 17. Bxe7 {[%emt 0:02:18]} Nxb3 {[%emt 0:
00:13]} 18. axb3 {[%emt 0:00:19]} g5 {[%emt 0:01:39]} 19. Qxg5 {[%emt 0:24:18]}
f6 {[%emt 0:00:55]} 20. Qc5 {[%emt 0:00:29]} Rf7 {[%emt 0:00:19]} 21. Qc7 {
[%emt 0:04:35]} Bc6 {[%emt 0:05:16]} 22. Bc5 {[%emt 0:02:37]} Qxe4 {[%emt 0:05:
22]} 23. Qg3 {[%emt 0:02:15]} Qd5 {[%emt 0:17:01]} 24. b4 {[%emt 0:05:05]} d6 {
[%emt 0:13:46]} 25. Bxd6 {[%emt 0:01:10]} Re8 {[%emt 0:01:11]} 26. Nd2 {
[%emt 0:02:50]} Re6 {[%emt 0:01:12]} 27. Bf4 {[%emt 0:08:09]} f5 {[%emt 0:00:
29]} 28. Nf3 {[%emt 0:01:53]} Rff6 {[%emt 0:01:03]} 29. Rfc1 {[%emt 0:11:06]}
Rg6 {[%emt 0:02:46]} 30. Ng5 {[%emt 0:00:09]} Bf8 {[%emt 0:00:55]} 31. Re1 {
[%emt 0:06:01]} Rxe1+ {[%emt 0:03:13]} 32. Rxe1 {[%emt 0:00:10]} Bg7 {[%emt 0:
00:11]} 33. h4 {[%emt 0:01:13]} Bf6 {[%emt 0:00:53]} 34. Re6 {[%emt 0:02:06]}
Qxe6 {[%emt 0:01:14]} 35. Nxe6 {[%emt 0:00:59]} Rxg3 {[%emt 0:00:17]} 36. fxg3
{[%emt 0:00:22]} d3 {[%emt 0:00:27]} 37. Kf2 {[%emt 0:00:55]} Bxb2 {[%emt 0:00:
31]} 38. Ke3 {[%emt 0:02:46]} Bc3 {[%emt 0:00:17]} 39. Nc5 {[%emt 0:00:38]} d2
{[%emt 0:02:30]} 40. Ke2 {[%emt 0:00:07]} Bxb4 {[%emt 0:00:24]} 41. Nxa6 {
[%emt 0:30:19]} Be7 {[%emt 0:03:55]} 42. Bxd2 {[%emt 0:00:00]} 1/2-1/2

[Event "EICC 2021"]
[Site "Reykjavik"]
[Date "2021.09.02"]
[Round "8.39"]
[White "Aizenberg, Benny"]
[Black "Hjartarson, Johann"]
[Result "1-0"]
[WhiteElo "2309"]
[BlackElo "2519"]
[Annotator "ChessBase"]
[PlyCount "99"]
[EventDate "2021.08.26"]
[EventType "swiss"]
[EventCountry "ISL"]
[Tiebreak "Cut1 Buchholz"]
[SourceTitle "playchess.com"]
[Source "ChessBase"]
[SourceQuality "1"]
[TimeControl "40/5400+30:1800+30"]

1. e4 {[%emt 0:00:02]} c5 {[%emt 0:00:23]} 2. Nf3 {[%emt 0:00:02]} e6 {[%emt 0:
00:09]} 3. d4 {[%emt 0:00:03]} cxd4 {[%emt 0:00:05]} 4. Nxd4 {[%emt 0:00:02]}
a6 {[%emt 0:00:34]} 5. Bd3 {[%emt 0:00:04]} Bc5 {[%emt 0:00:17]} 6. Nb3 {
[%emt 0:00:05]} Be7 {[%emt 0:00:08]} 7. Be3 {[%emt 0:01:05]} d6 {[%emt 0:01:03]
} 8. N1d2 {[%emt 0:05:49]} Nf6 {[%emt 0:01:36]} 9. f4 {[%emt 0:01:11]} O-O {
[%emt 0:02:13]} 10. Qf3 {[%emt 0:05:33]} Nc6 {[%emt 0:02:15]} 11. a3 {[%emt 0:
03:26]} e5 {[%emt 0:07:40]} 12. f5 {[%emt 0:04:32]} d5 {[%emt 0:00:39]} 13.
O-O-O {[%emt 0:03:07]} d4 {[%emt 0:18:42]} 14. Bf2 {[%emt 0:02:02]} a5 {
[%emt 0:02:35]} 15. Nb1 {[%emt 0:03:28]} a4 {[%emt 0:04:31]} 16. N3d2 {[%emt 0:
00:08]} b5 {[%emt 0:00:42]} 17. g4 {[%emt 0:02:47]} b4 {[%emt 0:07:14]} 18. Nc4
{[%emt 0:02:39]} Nd7 {[%emt 0:02:56]} 19. h4 {[%emt 0:02:29]} f6 {[%emt 0:05:
31]} 20. Rdg1 {[%emt 0:03:07]} Ba6 {[%emt 0:02:14]} 21. g5 {[%emt 0:03:17]}
fxg5 {[%emt 0:02:23]} 22. hxg5 {[%emt 0:02:46]} Bxg5+ {[%emt 0:00:17]} 23. Kd1
{[%emt 0:00:02]} h6 {[%emt 0:02:44]} 24. Be1 {[%emt 0:02:47]} bxa3 {[%emt 0:05:
03]} 25. Nbxa3 {[%emt 0:01:16]} Nf6 {[%emt 0:04:57]} 26. Bd2 {[%emt 0:04:24]}
Nh7 {[%emt 0:01:04]} 27. Rh5 {[%emt 0:04:52]} Ra7 {[%emt 0:05:39]} 28. Qh3 {
[%emt 0:04:21]} Qf6 {[%emt 0:05:52]} 29. Nb6 {[%emt 0:01:45]} Bxd2 {[%emt 0:03:
55]} 30. Kxd2 {[%emt 0:05:35]} Bxd3 {[%emt 0:01:25]} 31. Nd5 {[%emt 0:04:05]}
Qd8 {[%emt 0:03:16]} 32. Rxh6 {[%emt 0:07:21]} Bxe4 {[%emt 0:00:10]} 33. Rxh7 {
[%emt 0:00:22]} Qa5+ {[%emt 0:00:41]} 34. Kc1 {[%emt 0:00:49]} Rxf5 {[%emt 0:
02:32]} 35. Rh8+ {[%emt 0:02:02]} Kf7 {[%emt 0:00:03]} 36. Qg4 {[%emt 0:00:58]}
Ke6 {[%emt 0:01:09]} 37. Qxe4 {[%emt 0:10:20]} Qxd5 {[%emt 0:00:12]} 38. Rh6+ {
[%emt 0:02:16]} Rf6 {[%emt 0:00:59]} 39. Rxf6+ {[%emt 0:01:11]} gxf6 {[%emt 0:
00:04]} 40. Qg4+ {[%emt 0:00:29]} Kd6 {[%emt 0:01:30]} 41. Qc8 {[%emt 0:08:01]}
Rf7 {[%emt 0:02:42]} 42. Qa6 {[%emt 0:02:50]} Ke6 {[%emt 0:10:40]} 43. Nc4 {
[%emt 0:01:23]} Rc7 {[%emt 0:06:17]} 44. Nb6 {[%emt 0:01:23]} Qa5 {[%emt 0:02:
01]} 45. Qc4+ {[%emt 0:01:19]} Kd6 {[%emt 0:00:21]} 46. Rf1 {[%emt 0:00:40]} f5
{[%emt 0:02:36]} 47. Rh1 {[%emt 0:01:15]} e4 {[%emt 0:06:57]} 48. Rh6+ {
[%emt 0:00:13]} Ke5 {[%emt 0:00:07]} 49. Qe6+ {[%emt 0:00:11]} Kf4 {[%emt 0:00:
07]} 50. Nd5+ {[%emt 0:00:02]} 1-0

[Event "EICC 2021"]
[Site "Reykjavik"]
[Date "2021.09.02"]
[Round "8.40"]
[White "Samadov, Read"]
[Black "Steingrimsson, Hedinn"]
[Result "1/2-1/2"]
[WhiteElo "2360"]
[BlackElo "2519"]
[Annotator "ChessBase"]
[PlyCount "68"]
[EventDate "2021.08.26"]
[EventType "swiss"]
[EventCountry "ISL"]
[Tiebreak "Cut1 Buchholz"]
[SourceTitle "playchess.com"]
[Source "ChessBase"]
[SourceQuality "1"]
[TimeControl "40/5400+30:1800+30"]

1. d4 {[%emt 0:00:04]} d5 {[%emt 0:01:05]} 2. c4 {[%emt 0:00:08]} dxc4 {
[%emt 0:00:02]} 3. e3 {[%emt 0:00:31]} Nf6 {[%emt 0:00:12]} 4. Bxc4 {[%emt 0:
00:47]} e6 {[%emt 0:00:02]} 5. Nf3 {[%emt 0:00:18]} a6 {[%emt 0:00:09]} 6. O-O
{[%emt 0:01:51]} c5 {[%emt 0:00:06]} 7. dxc5 {[%emt 0:01:35]} Bxc5 {[%emt 0:01:
46]} 8. Qxd8+ {[%emt 0:00:28]} Kxd8 {[%emt 0:00:03]} 9. Be2 {[%emt 0:04:57]}
Nbd7 {[%emt 0:09:18]} 10. Nbd2 {[%emt 0:04:20]} Ke7 {[%emt 0:03:31]} 11. Nc4 {
[%emt 0:11:46]} a5 {[%emt 0:04:19]} 12. Bd2 {[%emt 0:07:23]} b6 {[%emt 0:01:49]
} 13. Rfd1 {[%emt 0:02:22]} Bb7 {[%emt 0:01:47]} 14. Bc3 {[%emt 0:03:16]} Rhc8
{[%emt 0:02:49]} 15. Rac1 {[%emt 0:09:07]} Bd5 {[%emt 0:00:04]} 16. a4 {
[%emt 0:02:45]} h6 {[%emt 0:10:35]} 17. Nfd2 {[%emt 0:05:07]} g5 {[%emt 0:01:
46]} 18. Bf3 {[%emt 0:02:19]} g4 {[%emt 0:07:52]} 19. Bxf6+ {[%emt 0:03:29]}
Nxf6 {[%emt 0:00:13]} 20. Bxd5 {[%emt 0:00:57]} Nxd5 {[%emt 0:11:50]} 21. Kf1 {
[%emt 0:06:08]} Rc7 {[%emt 0:06:03]} 22. b3 {[%emt 0:10:54]} Rac8 {[%emt 0:04:
05]} 23. Nb1 {[%emt 0:06:43]} Bb4 {[%emt 0:05:37]} 24. Rd4 {[%emt 0:03:12]} h5
{[%emt 0:02:22]} 25. Rcd1 {[%emt 0:02:11]} Rb8 {[%emt 0:03:23]} 26. Nba3 {
[%emt 0:01:35]} Nc3 {[%emt 0:01:12]} 27. Rc1 {[%emt 0:01:46]} Rbc8 {[%emt 0:05:
38]} 28. Ra1 {[%emt 0:03:31]} Rb8 {[%emt 0:09:01]} 29. Rd3 {[%emt 0:01:00]} f5
{[%emt 0:04:47]} 30. Rc1 {[%emt 0:00:52]} Ne4 {[%emt 0:00:18]} 31. Nb5 {
[%emt 0:01:00]} Rcc8 {[%emt 0:00:49]} 32. Rdd1 {[%emt 0:00:54]} Nc5 {[%emt 0:
00:35]} 33. Na7 {[%emt 0:01:06]} Rc7 {[%emt 0:00:53]} 34. Nb5 {[%emt 0:00:06]}
Rcc8 {[%emt 0:01:02]} 1/2-1/2

[Event "EICC 2021"]
[Site "Reykjavik"]
[Date "2021.09.03"]
[Round "9.1"]
[White "Keymer, Vincent"]
[Black "Mamedov, Rauf"]
[Result "1/2-1/2"]
[WhiteElo "2602"]
[BlackElo "2654"]
[Annotator "TA"]
[PlyCount "46"]
[EventDate "2021.08.26"]
[EventType "swiss"]
[EventCountry "ISL"]
[Tiebreak "Cut1 Buchholz"]
[SourceTitle "playchess.com"]
[Source "ChessBase"]
[SourceQuality "1"]

{[%evp 15,46,37,59,62,63,48,52,35,36,45,53,27,43,29,35,27,50,40,42,36,34,22,33,
40,38,0,0,0,0,0,0,0,0]} 1. d4 Nf6 2. c4 g6 3. Nc3 Bg7 4. e4 d6 5. Be2 O-O 6.
Nf3 e5 7. O-O h6 8. Re1 Nbd7 9. Qc2 {E95: King's Indian: Classical: 7...Nbd7 8
Re1.} Re8 10. dxe5 dxe5 {[#]} 11. Be3 $146 {White is slightly better.} ({
Predecessor:} 11. h3 Bf8 12. Be3 c6 13. Rab1 Nh5 14. b4 Nf4 15. Bf1 Qf6 16. Nd2
Ne6 17. c5 {1/2-1/2 (17) Bergstrom,C (2420)-Adamski,A (2335) Stockholm 1985})
11... Ng4 12. Bd2 c6 13. Na4 Nb6 14. c5 {[#] And now Ba5 would win.} Nxa4 15.
Qxa4 Be6 16. h3 Nf6 17. Be3 Nh5 18. Bc4 Nf4 19. Rad1 Qc7 20. a3 b5 {The
position is equal.} 21. cxb6 $1 axb6 22. Qc2 Bxc4 23. Qxc4 Ne6 {Weighted Error
Value: White=0.07/Black=0.06} 1/2-1/2

[Event "EICC 2021"]
[Site "Reykjavik"]
[Date "2021.09.03"]
[Round "9.2"]
[White "Demchenko, Anton"]
[Black "Romanov, Evgeny"]
[Result "1-0"]
[WhiteElo "2597"]
[BlackElo "2594"]
[Annotator "TA"]
[PlyCount "123"]
[EventDate "2021.08.26"]
[EventType "swiss"]
[EventCountry "ISL"]
[Tiebreak "Cut1 Buchholz"]
[SourceTitle "playchess.com"]
[Source "ChessBase"]
[SourceQuality "1"]

{[%evp 23,123,28,27,27,31,29,44,44,62,62,62,61,84,47,67,44,60,42,47,42,42,42,
43,42,50,0,0,-12,0,0,17,17,17,0,0,0,0,0,0,-3,0,0,0,0,0,0,0,0,0,0,58,77,66,68,
191,219,624,575,604,561,789,799,763,756,706,733,716,640,613,510,1015,992,893,0,
546,413,1169,1061,1249,1220,1014,153,153,8,833,307,1312,1593,29966,29970,29969,
29970,29971,29971,29963,29969,29965,11104,29965,29963,29978,29978]} 1. e4 c5 2.
Nf3 e6 3. d4 cxd4 4. Nxd4 Nf6 5. Nc3 Nc6 6. Ndb5 Bb4 7. a3 Bxc3+ 8. Nxc3 d5 9.
Bd3 dxe4 10. Nxe4 Nxe4 11. Bxe4 Qxd1+ 12. Kxd1 Bd7 13. f3 $5 {[%mdl 4] An
interesting side line. B45: Sicilian Four Knights.} O-O-O {[#]} 14. Be3 $146 ({
Predecessor:} 14. Bxc6 Bxc6+ 15. Ke2 e5 16. Be3 Kc7 17. Rad1 Rde8 18. Kf2 f5
19. f4 exf4 20. Bxf4+ Kc8 {1/2-1/2 (39) Comp Junior on Alpha-Polgar,J (2675)
Budapest 1996}) 14... Nd4 15. Ke1 {White is slightly better.} Ba4 16. Rd1 e5 (
16... Nxc2+ $2 17. Bxc2 Bxc2 18. Rc1 $18) 17. Kf2 Rhf8 18. g4 Kc7 19. h4 ({
Don't play} 19. Bxh7 $6 g6 $11) 19... h6 20. Rd3 Bc6 21. Rhd1 {[%cal Re3d4]}
Bxe4 22. fxe4 {[%cal Re3d4]} Nc6 23. Rd5 b6 24. g5 hxg5 25. Bxg5 f6 26. Be3 Ne7
(26... Rh8 {keeps more tension.} 27. Rg1 Rxd5 28. exd5 Ne7 29. Rxg7 Kd6) 27.
Rxd8 Rxd8 $11 {[%mdl 4096] Endgame KRB-KRN} 28. Rg1 g6 29. Kf3 Rh8 30. Bf2 Kd7
31. c4 Rc8 32. Rc1 Nc6 33. b4 Ke6 34. Rd1 Rd8 35. Rd5 {And now b5 would win.}
Rd7 36. Ke2 (36. Kg4 {is interesting.} f5+ 37. Kg5 Rf7 38. c5 fxe4 39. Rd6+)
36... Ne7 ({Black should try} 36... Nd8 $11) 37. Rxd7 $14 Kxd7 {KB-KN} 38. Kd3
$1 Nc8 {[#]} (38... f5 $14) 39. a4 $1 $18 Kc6 $2 {[#]} (39... a6 40. b5 axb5
41. axb5 (41. cxb5 Kd6 $14) 41... Kd6) 40. b5+ $1 Kc7 41. c5 Kd7 42. Kc4 Ke6
43. Bg1 Kd7 44. Be3 Ke6 45. Bc1 bxc5 46. Kxc5 Kd7 (46... g5 $142) 47. Be3 Kc7
48. Bc1 $2 ({Better is} 48. Kd5 $18 Kd7 49. a5) 48... Nd6 $2 {[%mdl 8192]} (
48... Kd7 $1 $11 {and Black stays safe.}) 49. Kd5 f5 (49... Kd7 $142 50. Be3
Nc8) 50. Kxe5 fxe4 51. Be3 a6 52. b6+ $2 (52. bxa6 Nf5 $14) (52. Bf4 $18 {
and the rest is easy. Black must now prevent Kd5.} Ne8 53. Kxe4+ Kb6 54. Be3+
Kb7 55. Kf4) 52... Kc6 $16 53. Bf2 (53. Kf4 $16) 53... a5 $2 {[%mdl 8192]} (
53... e3 $11 54. Bxe3 Nf5) 54. Kf4 $2 (54. b7 Nxb7 55. Kf6) 54... Nf7 $2 (54...
Nc4 55. Be3 (55. Kxe4 Nb2 $18) 55... Kb7 56. Kxe4 Nd6+ 57. Kf4 Nf7) 55. Kxe4
Kb7 56. Kd5 Nh6 57. Kc5 Ng4 58. Bd4 Nh2 59. Kb5 Nf3 60. Bf2 Ne5 61. Kxa5 Kc6
62. Ka6 {Weighted Error Value: White=0.34/Black=0.51} 1-0

[Event "EICC 2021"]
[Site "Reykjavik"]
[Date "2021.09.03"]
[Round "9.3"]
[White "Mamedov, Nidjat"]
[Black "Sarana, Alexey"]
[Result "1/2-1/2"]
[WhiteElo "2595"]
[BlackElo "2643"]
[Annotator "TA"]
[PlyCount "68"]
[EventDate "2021.08.26"]
[EventType "swiss"]
[EventCountry "ISL"]
[Tiebreak "Cut1 Buchholz"]
[SourceTitle "playchess.com"]
[Source "ChessBase"]
[SourceQuality "1"]

{[%evp 10,68,9,0,0,-16,0,17,7,16,60,-56,-52,-17,0,0,0,0,-5,0,0,-42,-14,-45,-27,
-52,-20,-7,0,0,0,0,0,0,0,0,0,0,0,0,0,0,0,0,-3,0,27,31,31,27,24,0,85,27,57,50,
50,50,50,52,55]} 1. e4 c5 2. Nf3 d6 3. c3 Nf6 4. h3 Nc6 5. Bd3 e5 6. O-O g5 {
B50: Sicilian: 2...d6, Miscellaneous.} 7. Bb5 {White wants to play d4.} g4 ({
Reject} 7... Nxe4 $6 8. Re1 $16 (8. d3 Nf6 $11)) 8. hxg4 Bxg4 {The position is
equal.} 9. d4 $1 Qb6 10. dxe5 (10. Qd3 $14) 10... Qxb5 $15 11. exf6 Ne5 $36 {
[%mdl 2048] [#] Black has some pressure.} 12. c4 $146 {[%cal Rc4b5]} ({
Predecessor:} 12. Na3 Qa6 13. Bf4 O-O-O 14. Qd5 Nxf3+ 15. gxf3 Be6 16. Qh5 Rg8+
17. Kh2 Rg6 18. c4 Rxf6 {0-1 (46) Petrov,M (2462)-Aryan,C (2430) Madrid 2015})
12... Qa6 13. Nbd2 Rg8 14. Qb3 O-O-O 15. Re1 h5 {[%mdl 1024] Black has
compensation.} 16. a4 Bh6 17. Ra3 Qa5 18. Qc3 Qb4 {[#] And now ...Bxf3 would
win.} 19. Nxe5 dxe5 20. Nf1 Bxc1 21. Rxc1 Rd4 22. Rb3 Qxc3 23. Rbxc3 Rg6 24. f3
Bh3 25. R3c2 Rd3 26. Kh2 Bd7 27. Rc3 Rxc3 (27... Rd4 {feels hotter.} 28. Ne3
Rxf6 29. b3 h4 30. Nd5 Rh6) 28. Rxc3 Rxf6 $11 {[%mdl 4096] Endgame KRB-KRN} 29.
b3 Rd6 30. Kg3 Kc7 (30... Rd1 $11 {keeps the balance.} 31. Ne3 Rh1) 31. Ne3 (
31. Kh4 $16) 31... Rd2 32. a5 {White is slightly better.} Ra2 33. Kh4 Rxa5 34.
Kxh5 Ra6 {Weighted Error Value: White=0.13/Black=0.12} 1/2-1/2

[Event "EICC 2021"]
[Site "Reykjavik"]
[Date "2021.09.03"]
[Round "9.4"]
[White "Yilmaz, Mustafa"]
[Black "Piorun, Kacper"]
[Result "1/2-1/2"]
[WhiteElo "2630"]
[BlackElo "2608"]
[Annotator "TA"]
[PlyCount "85"]
[EventDate "2021.08.26"]
[EventType "swiss"]
[EventCountry "ISL"]
[Tiebreak "Cut1 Buchholz"]
[SourceTitle "playchess.com"]
[Source "ChessBase"]
[SourceQuality "1"]

{[%evp 9,85,9,16,4,24,23,23,28,25,23,25,14,11,14,11,12,15,16,16,4,15,0,0,0,0,0,
0,0,0,0,60,63,82,100,89,97,90,37,43,50,55,12,9,12,15,12,87,15,66,56,122,99,117,
38,38,38,38,38,46,38,55,9,10,0,60,0,0,0,0,0,0,0,0,0,0,0,0,0]} 1. d4 Nf6 2. c4
e6 3. Nf3 b6 4. g3 Ba6 5. Nbd2 Bb4 6. Qa4 {E15: Queen's Indian: 4 g3 sidelines,
4 g3 Ba6 and 4 g3 Bb7 early deviations.} Qe7 7. a3 Bxd2+ 8. Bxd2 {White has an
edge.} O-O 9. Bg2 Bb7 10. O-O d6 11. b4 Nbd7 12. Qb3 Be4 {[#]} 13. Rfc1 $146 ({
Predecessor:} 13. Rfd1 h6 14. Rac1 Rfe8 15. Bf1 a5 16. Ne1 axb4 17. axb4 e5 18.
d5 b5 19. Be3 c6 20. dxc6 Bxc6 {1/2-1/2 (42) Beliavsky,A (2536)-Bokros,A (2472)
Budapest 2018}) 13... a5 14. Qe3 h6 15. c5 axb4 {[%cal Rd6c5]} 16. cxd6 cxd6
17. Bxb4 b5 18. Bf1 Nb6 19. Nd2 Bb7 {[#]} ({Better is} 19... Nbd5 $11 20. Qb3
Bg6) 20. Qe5 $1 $14 dxe5 (20... Rfd8 21. Qxb5) 21. Bxe7 Rfe8 22. Bxf6 gxf6 23.
Rab1 (23. dxe5 $16 fxe5 24. Rc5) 23... Ra5 24. dxe5 fxe5 25. Rc5 Ba6 26. e3
Rxa3 27. Bxb5 Bxb5 (27... Rd8 $11 {keeps the balance.} 28. Bxa6 Rxa6) 28. Rbxb5
(28. Rcxb5 $16 Rd8 29. Nf3 (29. Rxb6 Rxd2 30. R6b2 Rxb2 $11)) 28... Nd7 (28...
Nd5 $11) 29. Rc7 Rd3 (29... Nf6 $14) 30. Nc4 e4 31. Rbb7 (31. Ne5 $16 Nxe5 32.
Rxe5) 31... Rd8 32. Kg2 Rd5 33. Ra7 Kg7 34. h3 h5 35. Rab7 Kf6 36. Ra7 Kg7 37.
Nb2 ({White should try} 37. g4 $14) 37... Ne5 $11 {The position is equal.} 38.
Na4 Rd1 $1 39. Nc5 Rb8 40. Rab7 Ra8 {[%cal Ra8a1] [#] Strongly threatening ...
Raa1.} 41. Ra7 Rb8 {[%cal Rb8b1] aiming for ...Rbb1.} 42. Rab7 Ra8 {[%cal
Ra8a1] White must now prevent ...Raa1.} 43. Ra7 {Weighted Error Value: White=0.
13/Black=0.12} ({But not} 43. Nxe4 Raa1 $17) 1/2-1/2

[Event "EICC 2021"]
[Site "Reykjavik"]
[Date "2021.09.03"]
[Round "9.5"]
[White "Gabuzyan, Hovhannes"]
[Black "Navara, David"]
[Result "1/2-1/2"]
[WhiteElo "2587"]
[BlackElo "2675"]
[Annotator "TA"]
[PlyCount "77"]
[EventDate "2021.08.26"]
[EventType "swiss"]
[EventCountry "ISL"]
[Tiebreak "Cut1 Buchholz"]
[SourceTitle "playchess.com"]
[Source "ChessBase"]
[SourceQuality "1"]

{[%evp 16,77,0,0,3,9,16,-6,-6,-14,0,-21,-22,-21,-20,-29,-25,-25,-3,-3,-7,-10,0,
0,14,14,12,12,12,12,12,12,25,10,12,0,0,0,-4,-4,60,60,60,60,72,72,89,89,89,89,
89,89,105,105,105,96,105,105,105,105,105,105,136,99]} 1. e4 e5 2. Nf3 Nc6 3. d4
exd4 4. Nxd4 Nf6 5. Nxc6 bxc6 6. Bd3 d5 7. Nc3 Bb4 8. Bd2 O-O 9. O-O Bxc3 {
C47: Scotch Four Knights and Four Knights with 4 g3.} 10. Bxc3 dxe4 11. Bc4 {
[#]} Bf5 $146 {The position is equal.} ({Predecessor:} 11... Bg4 12. Qxd8 Raxd8
13. Rfe1 Rfe8 14. Ba5 Nd5 15. Bb3 Nb6 16. h3 Bf5 17. Bb4 h5 {1/2-1/2 (49)
Gabuzyan,H (2587)-Amin,B (2703) Krasnaya Polyana 2021}) 12. Re1 a5 13. Qd4 Qxd4
14. Bxd4 Nd5 15. a3 Rfd8 16. Rad1 Rd7 17. Bc5 h5 18. h3 Rad8 19. Bb3 g5 20. Ba4
Nb6 21. Rxd7 Bxd7 22. Rxe4 Bf5 23. Re5 {[#] Threatens to win with Bxb6.} (23.
Bxc6 Bxe4 24. Bxe4 Na4 $17) 23... Rd5 24. Rxd5 cxd5 $11 {[%mdl 4096] Endgame
KBB-KBN} 25. Bb3 a4 26. Bxb6 axb3 {KB-KB} 27. Be3 g4 (27... bxc2 $11 28. Bxg5
Bd3) 28. hxg4 $14 hxg4 29. cxb3 Kf8 30. Kh2 Be4 31. Kg3 f5 32. a4 {[%cal Ba3a4,
Ba4a5,Ba5a6][%mdl 32]} Ke7 33. b4 c6 34. a5 {a6 is the strong threat.} Bd3 35.
Kf4 Kd7 36. b5 cxb5 37. b4 Kc7 38. a6 Kb8 39. g3 {Weighted Error Value:
White=0.03/Black=0.10} 1/2-1/2

[Event "EICC 2021"]
[Site "Reykjavik"]
[Date "2021.09.03"]
[Round "9.6"]
[White "Sargissian, Gabriel"]
[Black "Erdos, Viktor"]
[Result "1/2-1/2"]
[WhiteElo "2682"]
[BlackElo "2614"]
[Annotator "TA"]
[PlyCount "32"]
[EventDate "2021.08.26"]
[EventType "swiss"]
[EventCountry "ISL"]
[Tiebreak "Cut1 Buchholz"]
[SourceTitle "playchess.com"]
[Source "ChessBase"]
[SourceQuality "1"]

{[%evp 9,32,27,26,18,23,23,45,21,31,27,15,26,17,0,0,0,8,0,0,0,0,0,8,0,0]} 1.
Nf3 Nf6 2. c4 g6 3. Nc3 d5 4. cxd5 Nxd5 5. h4 Bg7 6. e4 {A16: English Opening:
1...Nf6 with ...d5.} Nxc3 7. dxc3 Qxd1+ 8. Kxd1 {White is slightly better.} Nd7
{[%cal Bb8d7,Bd7c5,Bc5e6][%mdl 32]} 9. h5 Nc5 10. h6 Bf8 11. Nd2 {The position
is equal.} e5 {[#]} 12. b4 $146 ({Predecessor:} 12. f3 Be6 13. Bc4 O-O-O 14.
Bxe6+ Nxe6 15. Kc2 f6 16. Nc4 Nf4 17. g4 Bc5 18. b4 {1-0 (45) Jumabayev,R 
(2611)-Darini,P (2511) Doha 2016}) 12... Ne6 13. Nc4 f6 14. a4 Bd7 15. Kc2 a5
16. b5 Bc5 {Weighted Error Value: White=0.04/Black=0.01} 1/2-1/2